000 00546nam a2200181 u 4500
001 000392422
003 AM-YeHGA
005 20250617132317.0
008 041207s2000 ||||||||||||||000|0|ger|d
040 _aAM-YeHGA
041 0 _ager
100 1 _aZimmermann, A
245 1 0 _aDie Halipliden der Welt :
_bBestimmungstabellen derHaliplidae mit gleichzeitig beigefugten Detailbeschreibungen der einzelnen Arten /
_cA.Zimmermann.
260 _aBerlin :
_bFritz Pfeningstorff,
_c[s.d.].
300 _a69 S.
650 1 4 _aZoology
090 _c150252
999 _c148863
_d148863